1157 1110 1450 1412 1610 1136 1943 1987 1639 1320 1575 1815 1849 1186 1565 1098 1416 1956 1427 1716 1556 1914 1306 1644 1845 1302 1103 1581 1266 1151 1770 1554 1458 1051 1877 1922 1618 1932 1737 1869 1539 1001 1286 1595 1350 1384 1996 1305 1448 1338 1123 1757 1096 1666 1264 1414 1705 1446 1998 1544 1786 1467 1867 1235 1129 1639 1834 1995 1084 1762 1194 1152 1591 1890 1638 1936 1362 1205 1174 1543 1013 1556 1577 1776 1210 1010 1715 1302 1761 1895 1626 1823 1232 1216 1469 1711 1942 1329 1817 BCNSPRNW ULIB Ver.6.0+V

เปลี่ยนเป็นภาษาไทย

Change to English
 แสดงรายละเอียดบรรณานุกรม
  กลับหน้าหลัก

Brief Record : Get Marc (ISO 2709) : E-mail record : QR code < ปิดหน้าต่าง
LEADER : 00000nam 2200000uu 4500
001    13399124012
003     ULIB
008    141223s2556||||th 000 0 tha d
020    ^a9786160409235
060 04 ^aWB537^bอ231
100 0  ^aชองฮยองกี
245 00 ^a77 โรครักษาได้ ด้วยแพทย์แผนโบราณ..(ชุดตำรายาล้ำค่าของหมอโฮจุน)./^cชองฮยองกี
260    ^aกรุงเทพฯ :^bอินสปายร์,^c2556.
300    ^a304 หน้า :^bภาพประกอบ ;^c21 ซม.
505 0  ^aการแพทย์แผนโบราณและการนวดไทย
650  4 ^aยารักษาโรค
650  4 ^aสมุนไพร^xการใช้รักษา
650  4 ^aการแพทย์แผนโบราณ
650  4 ^aการนวด
740 02 ^aการแพทย์แผนโบราณและการนวดไทย
945    ^p195^l0^i037665
945    ^p195^l0^i037666
945    ^p195^l0^i037667
999    ^aเกษร โพธิ์สุวรรณ
รายการนี้ยังไม่มีแท็ก
คุณยังไม่ได้ล็อกอิน คุณสามารถมีกิจกรรมร่วมกับเว็บไซต์ได้ แต่ต้องล็อกอินก่อน ::
  ล็อกอิน

รายการสื่อสารสนเทศ

ลำดับที่ ประเภท เลขเรียก/บาร์โค้ด สถานที่ สถานะ
1. วิทยาศาสตร์การแพทย์ และสุขภาพ
หนังสือสำรอง
สถานะ=หนังสือสำรอง
WB537 อ231 ฉ.1 
  Barcode: 037665
ห้องสมุดวิทยาเขตสวรรค์ประชารักษ์
►ส่วนจัดเก็บหนังสือเก่า สปร
บนชั้น
  ขอยืม
2. วิทยาศาสตร์การแพทย์ และสุขภาพ
วิทยาศาสตร์การแพทย์ และสุขภาพ
WB537 อ231 ฉ.2 
  Barcode: 037666
ห้องสมุดวิทยาเขตสวรรค์ประชารักษ์
►ส่วนจัดเก็บหนังสือเก่า สปร
บนชั้น
  ขอยืม
3. วิทยาศาสตร์การแพทย์ และสุขภาพ
วิทยาศาสตร์การแพทย์ และสุขภาพ
WB537 อ231 ฉ.3 
  Barcode: 037667
ห้องสมุดวิทยาเขตสวรรค์ประชารักษ์
►ส่วนจัดเก็บหนังสือเก่า สปร
บนชั้น
  ขอยืม

รายการใกล้เคียง
    ผู้แต่ง [ชองฮยองกี]

    หัวเรื่อง [ยารักษาโรค]
    หัวเรื่อง [การแพทย์แผนโบราณ]
    หัวเรื่อง [การนวด]

BibComment


ยังไม่เคยถูกคอมเมนท์

คอมเมนท์ทรัพยากรรายการนี้
  คอมเมนท์: 77 โรครักษาได้ ด..


 Copyright 2026. Bcnsprnw @Library